000 00649nam a2200229Ia 4500
005 20241129105748.0
008 241129s9999||||xx |||||||||||||| ||und||
020 _a978-1-3501-9650-6
037 _aTB
040 _aARTS
_beng
_cARTS
041 _aeng
_2eng
084 _aR86 R2
_qARTS
100 _aMungwini Pascah Au.
_9724627
245 0 _aAfrican philosophy: emancipation and practice
_cMungwini Pascah Au.
260 _aUK
_bBloomsbury
_c2019
300 _a213p.
365 _aUKP
_b16.99
490 _aBloomsbury introductions to world philosophies
650 _aPhilosophy
942 _cTB
_hR86 R2
999 _c1225815
_d1225815